| 000 | 00780nam a22001697a 4500 | ||
|---|---|---|---|
| 003 | BD-DhUL | ||
| 005 | 20160822184922.0 | ||
| 008 | 160822s2000 b ||||| |||| 00| 0 eng d | ||
| 040 |
_cBD-DhUL _dBD-DhUL |
||
| 082 |
_a338.95492 _bBAN |
||
| 245 | 1 | 0 |
_aবাংলাদেশ সরকারের জাতীয় নীতিমালা / _cসংগ্রহ ও সংকলন মিয়া মুহাম্মদ আইয়ুব ও আবুল কাসেম হায়দার |
| 260 |
_aঢাকা : _bহাক্কানী পাবলিশার্স, _c২০০০. |
||
| 300 |
_a৪০০ পৃ. ; _c২১ সে. মি. |
||
| 650 | 0 | _aঅর্থনৈতিক পরিকল্পনা | |
| 650 | 0 | _aEconomic Plan | |
| 942 |
_2ddc _cBK |
||
| 999 |
_c100644 _d100644 |
||